000 00495nam a22001697a 4500
005 20251108172640.0
008 250721s1996 xx 000 0 ara d
082 1 4 _a956.41/قدس
245 1 0 _aالقدس أمانة في عنق كل عربي ومسلم /
264 1 _aعمان :
_bلجنة يوم القدس،
_c1996.
300 _a110 ص
650 1 7 _aالقدس
650 1 7 _aتاريخ آسيا
710 2 _aلجنة يوم القدس
_eمؤلف
942 _2ddc
_cBK
999 _c84933
_d84933